00605 a2200181 450000100060000002000150000604000220002110000300004324000380007324500330011130000080014436200090015265000210016194200070018295201080018995201090029799900170040656573 a8516048233 cAnchieta - Pituba aMoraes, Marcos Antonio de10aAntologia da carta no Brasillpor10aAntologia da carta no Brasil a1670 a2005 4aCarta brasileira cBK 00104070a91.1b91.1d2023-11-21l0o869.96 A634a ANTp6120/PITr2023-11-21 18:24:04w2023-11-21yBK 00104070a91.1b91.1d2023-11-21l0o869.96 A634a ANTp18800/PITr2023-11-21 18:24:04w2023-11-21yBK c56573d56573